000 00547nam a2200181Ia 4500
005 20250326124350.0
008 250326s9999 xx 000 0 und d
037 _aTextbook
040 _aFMSL
_beng
_cFMSL
041 _aeng
_2eng
084 _aX:77oaY:4.44.9G L2
_qFMSL
100 _aEpstein T S
245 0 _aEconomic development and social change in South India
_cEpstein T S
260 _aLondon
_bLondon, Manchester University
_c1972
300 _a353p
942 _cTB
_hX:77oaY:4.44.9G L2
999 _c1273446
_d1273446